000
00273nam a22001217a 4500
003
OSt
005
20260213164544.0
008
260213b |||||||| |||| 00| 0 eng d
040
_c
fms
100
_a
Blanchard(o)
_9
1115853
245
_a
Macro economics
942
_2
CC
_c
TB
_n
0
999
_c
1679684
_d
1679684